ბათუმის შოთა რუსთაველის სახელმწიფო უნივერსიტეტის ბიბლიოთეკა

The Business Of Ecotourism : (ბიბ.ჩანაწერი № 47830)

000 -LEADER
fixed length control field 00709nam a2200217Ia 4500
001 - CONTROL NUMBER
control field 14704
003 - CONTROL NUMBER IDENTIFIER
control field GE_BSU
005 - DATE AND TIME OF LATEST TRANSACTION
control field 20241122112102.0
008 - FIXED-LENGTH DATA ELEMENTS--GENERAL INFORMATION
fixed length control field 181216s2008||||ge |||||||||||||| ||geo||
020 ## - INTERNATIONAL STANDARD BOOK NUMBER
International Standard Book Number 1425117244
040 ## - CATALOGING SOURCE
Transcribing agency GE_BSU
080 ## - UNIVERSAL DECIMAL CLASSIFICATION NUMBER
Universal Decimal Classification number 338.22+338.48:502 P-22
100 ## - MAIN ENTRY--PERSONAL NAME
Personal name Patterson, Carol
9 (RLIN) 23767
245 #4 - TITLE STATEMENT
Title The Business Of Ecotourism :
Remainder of title The Complete Guide for Nature and Cultural Based Tourism Operators /
Statement of responsibility, etc. Carol Patterson.
264 ## - PRODUCTION, PUBLICATION, DISTRIBUTION, MANUFACTURE, AND COPYRIGHT NOTICE
Place of production, publication, distribution, manufacture Oxford :
Name of producer, publisher, distributor, manufacturer Trafford,
Date of production, publication, distribution, manufacture, or copyright notice 2007.
300 ## - PHYSICAL DESCRIPTION
Extent 217 p. ;
Dimensions 27 cm.
653 ## - INDEX TERM--UNCONTROLLED
keyword The Business Of Ecotourism
653 ## - INDEX TERM--UNCONTROLLED
keyword The Complete Guide for Nature and Cultural Based Tourism Operators
653 ## - INDEX TERM--UNCONTROLLED
keyword ეკოტურიზმი
942 ## - ADDED ENTRY ELEMENTS (KOHA)
Koha item type წიგნი
Source of classification or shelving scheme
ეგზემპლარები
Withdrawn status Lost status Damaged status Not for loan Date acquired Barcode Date last seen Price effective from Koha item type
        2018-12-17 27459 2018-12-17 2018-12-17 წიგნი